Êtes-vous rapide ? Test de rapidité drapeaux rouge - Statistiques

Statistiques générales
  • Ce quiz a été pris 1 927 fois
  • Le résultat moyen est 7 sur 15
Statistiques - réponses
Hint Réponse % Correct
🇦🇱 🇦🇱
51%
🇲🇦 🇲🇦
51%
🇩🇰 🇩🇰
50%
🇹🇷 🇹🇷
50%
🇧🇾 🇧🇾
48%
🇰🇬 🇰🇬
48%
🇼🇸 🇼🇸
48%
🇹🇱 🇹🇱
47%
🇹🇳 🇹🇳
47%
🇨🇳 🇨🇳
46%
🇮🇲 🇮🇲
46%
🇲🇪 🇲🇪
46%
🇹🇼 🇹🇼
46%
🇻🇳 🇻🇳
45%
🇭🇰 🇭🇰
44%
Aucun quiz correspondant
Distribution des résultats
% des personnes avec chaque résultat
Percentile par nombre de réponses
Votre historique - résultats
Vous n’avez pas pris ce quiz